Statistics for Countries with the Highest Death Rate

Click here to take the quiz!

General Stats

  • This quiz has been taken 8,574 times
    (8,406 since last reset)
  • The average score is 10 of 22

Answer Stats

% Country % Correct
1.29Russia
75%
1.08Japan
60%
1.21Nigeria
58%
1.45Ukraine
58%
1.10Somalia
55%
1.26Belarus
52%
1.33Romania
51%
1.18Estonia
49%
1.48Serbia
49%
1.42Lithuania
49%
1.48Latvia
49%
1.55Bulgaria
48%
1.16Greece
46%
1.23Chad
46%
1.15Moldova
46%
1.13Germany
45%
1.30Croatia
44%
1.35Hungary
44%
1.27Central African Republic
37%
1.29Georgia
34%
1.20Sierra Leone
26%
1.47Lesotho
22%

Score Distribution

Percentile by Number Answered

Percent of People with Each Score

Your Score History

You have not taken this quiz since the last reset